Social casework and administration / (Record no. 125555)

MARC details
000 -LEADER
fixed length control field 00613nam a22002297a 4500
005 - DATE AND TIME OF LATEST TRANSACTION
control field 20170124105956.0
010 ## - LIBRARY OF CONGRESS CONTROL NUMBER
LC control number 441543
020 ## - INTERNATIONAL STANDARD BOOK NUMBER
Terms of availability 00.00
035 ## - SYSTEM CONTROL NUMBER
System control number 441543
037 ## - SOURCE OF ACQUISITION
Source of stock number/acquisition Cen Lib/Ret
040 ## - CATALOGING SOURCE
Original cataloging agency DPL
Language of cataloging EN
082 ## - DEWEY DECIMAL CLASSIFICATION NUMBER
Classification number 361.3
Item number FOR
100 ## - MAIN ENTRY--PERSONAL NAME
Personal name Forder, Anthony
9 (RLIN) 14755
245 ## - TITLE STATEMENT
Title Social casework and administration /
Statement of responsibility, etc by Anthony Forder
260 ## - PUBLICATION, DISTRIBUTION, ETC. (IMPRINT)
Place of publication, distribution, etc London
Name of publisher, distributor, etc Faber and Faber
Date of publication, distribution, etc 1966
270 ## - ADDRESS
City London
300 ## - PHYSICAL DESCRIPTION
Extent 244p.
Dimensions 21cm(Hb)
500 ## - GENERAL NOTE
General note Includes index
650 ## - SUBJECT ADDED ENTRY--TOPICAL TERM
Topical term or geographic name as entry element Social casework
9 (RLIN) 14756
650 ## - SUBJECT ADDED ENTRY--TOPICAL TERM
Topical term or geographic name as entry element Social workers
9 (RLIN) 14757
942 ## - ADDED ENTRY ELEMENTS (KOHA)
Source of classification or shelving scheme Dewey Decimal Classification
Koha item type English Books
Classification part 361.3
Call number suffix FOR
Holdings
Withdrawn status Lost status Damaged status Not for loan Home library Current library Date acquired Source of acquisition Cost, normal purchase price Total Checkouts Full call number Barcode Date last seen Copy number Cost, replacement price Price effective from Koha item type Public note
Written off       Central Library Central Library 22/06/2015 Cen Lib/Ret 0.00   361.3 FOR 441543 22/06/2015 1 0.00 22/06/2015 English Books W/d List No. 6890/4 ; dtd 14/09/2020

© Delhi Public Library
Hit Counter
free hit counter